Normal view
MARC view
Entry Personal Name
001 - CONTROL NUMBER
- control field: 11981
003 - CONTROL NUMBER IDENTIFIER
- control field: HDC
005 - DATE AND TIME OF LATEST TRANSACTION
- control field: 20230624073353.0
008 - FIXED-LENGTH DATA ELEMENTS
- fixed length control field: 210207|| aca||aabn | a|a d
040 ## - CATALOGING SOURCE
- Original cataloging agency: HDC
- Transcribing agency: HDC
100 ## - HEADING--PERSONAL NAME
- Personal name: Koren, Daniel
670 ## - SOURCE DATA FOUND
- Source citation: Work cat.: (HDC): Koren, Daniel, author, The Battle of the Food Trucks: Kosher Vs Halal /, [no year]
